000 00219 a2200097 4500
001 35027
100 _aBatly Michael
245 _aMicro computer Graphics
260 _aLondon
_bChapman & Hall
_c
090 _c23175
_d23175
942 _aNUST-CAE
_cM
_c14642
999 _c270100
_d270100